000 00986nab a22002177a 4500
999 _c6375
_d6375
003 OSt
005 20260131213922.0
008 190605e xxu||||| |||| 00| 0 spa d
040 _cPJ
100 _97017
_aGuisado, Héctor C.
245 1 3 _aLa transferencia del establecimiento en el proyecto de ley de "modernización laboral" /
_cHéctor C. Guisado.
260 _aCiudad Autónoma de Buenos Aires :
_bThomson Reuters La Ley,
_c2025.
300 _ap. 9-12
500 _aCita: TR LALEY AR/DOC/3230/2025.
505 _a Sumario: I. Introducción. — II. El traspaso de obligaciones y la responsabilidad solidaria de ambos empresarios.
505 _t¿Te interesa el texto completo? Solicitalo al correo: koha@justierradelfuego.gov.ar
650 0 _91316
_aDERECHO LABORAL
650 0 _94193
_aPROYECTO DE LEY
773 0 _02711
_93168
_dCiudad Autónoma de Buenos Aires : Thomson Reuters La Ley, 1999-2002.
_tRevista de derecho del trabajo. Nº 1 - Enero 2026
942 _2udc
_cANA